Cartografía de Ultramar (Record no. 41121)

MARC details
000 -LEADER
campo de control de longitud fija 01168nam a2200265 i 4500
001 - NÚMERO DE CONTROL
campo de control 41121
003 - IDENTIFICADOR DE NÚMERO DE CONTROL
campo de control ES-MaACL
005 - FECHA Y HORA DE LA ÚLTIMA TRANSACCIÓN
campo de control 20250830224956.0
007 - CAMPO FIJO DE DESCRIPCIÓN FÍSICA--INFORMACIÓN GENERAL
campo de control de longitud fija t|
008 - DATOS DE LONGITUD FIJA--INFORMACIÓN GENERAL
campo de control de longitud fija 030310s1953 sp ||||1| spa d
245 00 - MENCIÓN DEL TÍTULO
Título Cartografía de Ultramar
Resto del título : carpeta II: Estados Unidos y Canadá /
Mención de responsabilidad, etc. Servicios Geográfico e Histórico del Ejército. Estado Mayor Central.
260 ## - PUBLICACIÓN, DISTRIBUCIÓN, ETC.
Lugar de publicación, distribución, etc. Madrid :
Nombre del editor, distribuidor, etc. [s.n.],
Fecha de publicación, distribución, etc. 1953 (
Fabricante Imp. Servicio Geográfico del Ejército)
300 ## - DESCRIPCIÓN FÍSICA
Extensión 2 v. :
Otras características físicas mapas ;
Dimensiones 35 cm.
500 ## - NOTA GENERAL
Nota general Precede al tít.: Servicio Geográfico e Histórico del Ejército.
505 8# - NOTA DE CONTENIDO CON FORMATO
Nota de contenido con formato Contiene: [1]. Toponimia de los mapas que la integran: Relaciones de Ultramar. 598 p. [II]. Láminas.- 8 p., 138 map. suelt., guard. en carpeta
650 #4 - PUNTO DE ACCESO ADICIONAL DE MATERIA--TÉRMINO DE MATERIA
Término de materia o nombre geográfico como elemento de entrada Nombres geográficos-
Subdivisión geográfica Estados Unidos.
9 (RLIN) 170279
650 #4 - PUNTO DE ACCESO ADICIONAL DE MATERIA--TÉRMINO DE MATERIA
Término de materia o nombre geográfico como elemento de entrada Nombres geográficos-
Subdivisión geográfica Canadá.
9 (RLIN) 170280
650 #4 - PUNTO DE ACCESO ADICIONAL DE MATERIA--TÉRMINO DE MATERIA
Término de materia o nombre geográfico como elemento de entrada Mapas antiguos.
9 (RLIN) 158545
651 #7 - PUNTO DE ACCESO ADICIONAL DE MATERIA--NOMBRE GEOGRÁFICO
Nombre geográfico Estados Unidos-
Subdivisión de forma Mapas
Fuente del encabezamiento o término
9 (RLIN) 170281
651 #4 - PUNTO DE ACCESO ADICIONAL DE MATERIA--NOMBRE GEOGRÁFICO
Nombre geográfico Canadá-
Subdivisión de forma Mapas.
9 (RLIN) 170282
710 1# - ENTRADA AGREGADA--NOMBRE DE ENTIDAD CORPORATIVA
Nombre de entidad corporativa o nombre de jurisdicción como elemento de entrada España.
Unidad subordinada Servicio Geográfico del Ejército.
9 (RLIN) 165653
710 1# - ENTRADA AGREGADA--NOMBRE DE ENTIDAD CORPORATIVA
Nombre de entidad corporativa o nombre de jurisdicción como elemento de entrada España.
Unidad subordinada Servicio Histórico Militar.
9 (RLIN) 3980
852 ## - LOCALIZACIÓN
Ubicación ES-MaACL
Número de control de estantería L-5309-10
Holdings
Estatus retirado Estado de pérdida Estado de daño No para préstamo Biblioteca de origen Biblioteca actual Ubicación en estantería Fecha de adquisición Fuente de adquisición Total de préstamos Signatura topográfica completa Código de barras Visto por última vez Precio de reemplazo Tipo de ítem Koha
        Biblioteca del Ateneo de Madrid Biblioteca del Ateneo de Madrid Depósito 2 17/01/2008     L-5309-10 1043292 23/02/2023 23/02/2023 Libro impreso